000 01153 a2200229 4500
001 48638
005 20260407155751.0
008 260407a2016 arg spa d
003 AR-UNSa-BCEJYS
040 _aAR-UNSa-BCEJYS
_bspa
_cAR-UNSa-BCEJYS
080 _a311.3:330
_xEstadística Oficial en Economía
245 1 0 _aMetodología para la medición de la inflación núcleo en la Argentina
020 _a978-950-896-489-2
264 1 _aBuenos Aires :
_bINDEC
_c2016
300 _a39 p.
_c25 cm.
505 _a1. Introducción - 2. Estrategia adoptada por el INDEC en el año 2004 - 3. Análisis descriptivo de los cambios de precios - 4. Estacionalidad del IPC - 5. Índice de precios con exclusión de alimentos y energía - 6. Índice de precios con exclusión de agrupaciones - 7. Inflación núcleo utilizando medias truncadas - 8. Evaluación de las medidas de inflación núcleo propuestas
041 _aspa
942 _cBK
590 _aniveau_biblio:m niveau_hierar:0
100 1 _aInstituto Nacional de Estadística y Censos (INDEC)
856 4 1 _uhttps://www.biblioeco.unsa.edu.ar/pmb/images/libros/D00085
_yImagen de portada
_qimage/jpeg
999 _c4666
_d4666